[Event "La Fere op"]
[Site "La Fere"]
[Date "2010.07.06"]
[Round "5"]
[White "Timmermans, Eric"]
[Black "Derigny, Philippe"]
[Result "1/2-1/2"]
[WhiteElo "1823"]
[BlackElo "1994"]
[PlyCount "163"]
[EventDate "2010.07.03"]
[EventType "swiss"]
[EventRounds "9"]
[EventCountry "FRA"]
[SourceTitle "CBM 137 Extra"]
[Source "ChessBase"]
[SourceDate "2010.09.01"]
[SourceVersion "1"]
[SourceVersionDate "2010.09.01"]
[SourceQuality "1"]

1. c4 e5 2. Nc3 d6 3. g3 f5 4. Bg2 c6 5. d3 Nf6 6. Nf3 Be7 7. 0-0 0-0 8. b4 Qc7 9. Qb3 Kh8 10. Bb2 Be6 11. Qc2 Nbd7 12. e3 Rab8 13. Nd2 a6 14. a4 d5 15. b5 e4 16. Ne2 exd3 17. Qxd3 Ne4 18. Nf4 Bg8 19. cxd5 Ndc5 20. Qc2 cxd5 21. Nxe4 dxe4 22. Nh5 Bf6 23. Nxf6 gxf6 24. Qc3 axb5 25. Qxf6+ Rxf6 26. Bxf6+ Qg7 27. Bxg7+ Kxg7 28. axb5 b6 29. Ra7+ Kf6 30. Rc1 Rd8 31. Bf1 Rd2 32. Raa1 Bb3 33. Rab1 Ba4 34. Rxc5 bxc5 35. b6 Rd8 36. b7 Rb8 37. Ba6 Ke5 38. Rb6 Kd5 39. Rf6 Bd7 40. Kf1 c4 41. Ke2 Kc5 42. Kd2 Kb4 43. Rd6 c3+ 44. Kc1 Ba4 45. Rd5 Bb3 46. Rb5+ Ka3 47. Rb6 Rd8 48. Be2 c2 49. Ra6+ Ba4 50. Rxa4+ Kxa4 51. Kxc2 Rb8 52. Kc3 Rxb7 53. Kd4 Rb2 54. Ba6 Rxf2 55. Bc8 Kb4 56. h3 Kb3 57. g4 fxg4 58. Bxg4 Kb4 59. Kxe4 Kc4 60. Ke5 Rf8 61. Bf5 h6 62. e4 Rd8 63. h4 Rd6 64. Kf4 Rd4 65. Kg4 Rd1 66. Bg6 Kd4 67. Kf5 Rf1+ 68. Ke6 Rf4 69. h5 Rf2 70. Bf5 Rh2 71. Bg6 Rf2 72. Kd6 Rf6+ 73. Ke7 Ke5 74. Bf5 Rxf5 75. exf5 Kxf5 76. Kd6 Kg5 77. Ke5 Kxh5 78. Kf5 Kh4 79. Kf4 Kh3 80. Kf3 h5 81. Kf2 Kh2 82. Kf1 1/2-1/2

[Event "FRA-ch op-C"]
[Site "Nimes"]
[Date "2009.08.20"]
[Round "9"]
[White "Malassagne, Jerome"]
[Black "Timmermans, Eric"]
[Result "0-1"]
[WhiteElo "1710"]
[BlackElo "1784"]
[PlyCount "60"]
[EventDate "2009.08.11"]
[EventType "swiss"]
[EventRounds "11"]
[EventCountry "FRA"]
[SourceTitle "EXT 2011"]
[Source "ChessBase"]
[SourceDate "2010.11.26"]
[SourceVersion "1"]
[SourceVersionDate "2010.11.26"]
[SourceQuality "1"]

1. d4 Nf6 2. c4 e6 3. Nf3 b6 4. g3 Bb7 5. Bg2 c5 6. dxc5 Bxc5 7. 0-0 0-0 8. Nc3 Na6 9. Bg5 Be7 10. Rc1 h6 11. Bf4 Nc7 12. Qd2 Rc8 13. Rfd1 d5 14. cxd5 Ncxd5 15. Nxd5 Nxd5 16. Be5 Rxc1 17. Qxc1 Qa8 18. Qb1 Bf6 19. Bxf6 Nxf6 20. Ne1 Bxg2 21. Nxg2 Rd8 22. Ne1 Rd5 23. f3 Qd8 24. Rxd5 Qxd5 25. b3 Qd4+ 26. Kg2 Nd5 27. Kh3 Qg1 28. Kg4 Ne3+ 29. Kf4 Ng2+ 30. Ke4 Qe3# 0-1

[Event "FRA-ch op-C"]
[Site "Nimes"]
[Date "2009.08.12"]
[Round "2"]
[White "Timmermans, Eric"]
[Black "Brebant, Eric"]
[Result "0-1"]
[WhiteElo "1784"]
[BlackElo "1675"]
[PlyCount "60"]
[EventDate "2009.08.11"]
[EventType "swiss"]
[EventRounds "11"]
[EventCountry "FRA"]
[SourceTitle "EXT 2011"]
[Source "ChessBase"]
[SourceDate "2010.11.26"]
[SourceVersion "1"]
[SourceVersionDate "2010.11.26"]
[SourceQuality "1"]

1. e4 c5 2. Nc3 e6 3. Bc4 a6 4. a4 Nc6 5. Nf3 Qc7 6. d4 cxd4 7. Nxd4 Nf6 8. f4 Bb4 9. Qd3 0-0 10. 0-0 Nxd4 11. Kh1 Nc6 12. e5 Bxc3 13. bxc3 Ne8 14. Ba3 d6 15. exd6 Qd7 16. Rf3 e5 17. Re1 exf4 18. Re7 Qf5 19. Qd2 Nxd6 20. Bxd6 Nxe7 21. Bxe7 Be6 22. Rxf4 Qg6 23. Bxf8 Rxf8 24. Bd3 Qh6 25. Qf2 Qg5 26. h3 Qa5 27. Rb4 Qc7 28. Qf3 Qe5 29. Rh4 Qe1+ 30. Kh2 Qxh4 0-1

[Event "Le Touquet op 22nd B"]
[Site "Le Touquet"]
[Date "2007.10.28"]
[Round "2.10"]
[White "Revillon, Yves"]
[Black "Timmermans, Eric"]
[Result "0-1"]
[WhiteElo "1650"]
[BlackElo "1778"]
[PlyCount "54"]
[EventDate "2007.10.27"]
[EventType "swiss"]
[EventRounds "9"]
[EventCountry "FRA"]
[SourceTitle "EXT 2024"]
[Source "ChessBase"]
[SourceDate "2023.10.10"]
[SourceVersion "1"]
[SourceVersionDate "2023.10.10"]
[SourceQuality "1"]

1. e4 Nf6 2. e5 Nd5 3. d4 d6 4. c4 Nb6 5. f4 dxe5 6. fxe5 Nc6 7. Be3 Bf5 8. Nc3 e6 9. Nf3 Be7 10. d5 Nb4 11. Rc1 exd5 12. Bxb6 axb6 13. a3 Na6 14. cxd5 0-0 15. Bc4 Bh4+ 16. g3 Bg5 17. Nxg5 Qxg5 18. Qd2 Qe7 19. Qf4 Bg6 20. Kd2 Nc5 21. Rcd1 Na4 22. Nxa4 Rxa4 23. Kc1 b5 24. d6 cxd6 25. exd6 Rxc4+ 26. Qxc4 Qe3+ 27. Rd2 bxc4 0-1